Drenaje superficial de terrenos llanos /

Guardado en:
Autor Principal: Saveson, Irwin L.
Formato: Libro
Idioma:Spanish
Publicado: México : Centro regional de ayuda técnica, 1972.
Etiquetas: Agregar Etiqueta
Sin Etiquetas, Sea el primero en etiquetar este registro!
LEADER 00470nam a22001455a 4500
001 EUN.um042696
003 AR-BaUNS
005 20050623122913.0
008 041125s1972####mx#a##########000#0#spa#d
245 1 0 |a Drenaje superficial de terrenos llanos /  |c Irwin L. Saveson. 
260 |a México :  |b Centro regional de ayuda técnica,  |c 1972. 
300 |a 10 p. :  |b ilus. ;  |c 23 cm. 
100 1 |a Saveson, Irwin L. 
082 0 4 |a 631.6 
859 |a Ar-BaUNS  |b BIB. CENTRAL - Sector C  |h 631.6  |i Sa93  |p 66049/973